Canciones de Gustavo Cerati - ¡Muerte súbita! - Estadísticas

Estadísticas generales
  • Esta prueba ha sido intentada 1.200 veces
    1.036 desde el último reinicio
  • La puntuación promedio es 5 de 20
Answers on the Grid
Answers color-coded by a green-red scale on the quiz's grid according to % correct below.
Me Quedo Aquí
Crimen
Amor Amarillo
Cabeza de Medusa
Torteval
Puente
Verbo Carne
Rapto
He Visto a Lucy
Karaoke
Sudestada
Lisa
Pulsar
Nací para Esto
Cosas Imposibles
Dominó
Fantasma
Adiós
Naturaleza Muerta
Uno entre 1000
De Música Ligera
Mi Guitarra
A Rodar mi Vida
Dolor Interno
Montaña
Telarañas
Flaca
Nunca
Por Mil Noches
Fuego
Todo Sigue Igual
En Remolinos
 
Estadísticas de respuestas
Respuesta % Correcto
Crimen
54%
Adiós
47%
Puente
44%
Amor Amarillo
37%
Me Quedo Aquí
31%
Cosas Imposibles
27%
Lisa
26%
Rapto
26%
Fantasma
22%
Pulsar
22%
Verbo Carne
22%
Karaoke
21%
Cabeza de Medusa
20%
Naturaleza Muerta
20%
Sudestada
20%
Dominó
19%
He Visto a Lucy
19%
Nací para Esto
19%
Uno entre 1000
17%
Torteval
14%
No se encontraron pruebas coincidentes
Distribución de puntuación
Porcentaje de gente con cada puntuación
Porcentaje por número respondido
Historial de tus puntuaciones
No has intentado esta prueba desde el último reinicio